000 00582cam a2200181 4500500
005 20260329003631.0
041 _afre
042 _adc
100 1 0 _aRogé, Antoine
_eauthor
245 0 0 _aLes sablés sans gluten, sans sucre, sans œufs et sans beurre de Marc Aurèle
260 _c2016.
500 _a82
690 _aCuisine
690 _aMarc Aurèle
690 _aRecette
786 0 _nPhilosophie magazine | 99 | 5 | 2016-05-01 | p. 78-79 | 1951-1787
856 4 1 _uhttps://shs.cairn.info/magazine-philosophie-magazine-2016-5-page-78?lang=fr&redirect-ssocas=7080
999 _c1826262
_d1826262